Trouve les artistes "One hit wonders" (succès sans lendemain) - Statistiques

Statistiques générales
  • Ce quiz a été pris 28 fois
  • Le résultat moyen est 10 sur 21
Statistiques - réponses
Hint Réponse % Correct
Take on me A-ha
92%
Voyages, Voyages Desireless
88%
Partenaire particulier Partenaire particulier
79%
Barbie Girl Aqua
75%
99 luftballons Nena
71%
The final countdown Europe
67%
Born to be alive Patrick Hernandez
67%
Ca plane pour moi Plastic Bertrand
67%
Mambo No.5 Lou Bega
63%
Somebody that I used to know Gotye ft. Kimbra
58%
Macarena Los del Rio
50%
Video killed the Radio Star The Buggles
38%
Lovefool The Cardigans
33%
Ice ice baby Vanilla Ice
33%
Bad day Daniel Powter
29%
Crazy Gnarls Barkley
29%
Cotton eye joe Rednex
29%
Chacun fait (c'qui lui plait) Chagrin d'amour
25%
It's raining men The weather girls
25%
Confidence pour confidence Jean Schultheis
17%
Young folks Peter Bjorn and John
8%
Aucun quiz correspondant
Distribution des résultats
% des personnes avec chaque résultat
Percentile par nombre de réponses
Votre historique - résultats
Vous n’avez pas pris ce quiz